The Control of Noise at Work Regulations 2005 (Record no. 104405)

MARC details
000 -LEADER
fixed length control field 00452cam a2200169 4500
001 - CONTROL NUMBER
control field L130234
008 - FIXED-LENGTH DATA ELEMENTS--GENERAL INFORMATION
fixed length control field 050704n2006 000 0 eng u
020 ## - INTERNATIONAL STANDARD BOOK NUMBER
International Standard Book Number 0110729846
035 ## - SYSTEM CONTROL NUMBER
System control number (Sirsi) u130234
041 ## - LANGUAGE CODE
Language code of text/sound track or separate title eng
245 #4 - TITLE STATEMENT
Title The Control of Noise at Work Regulations 2005
260 ## - PUBLICATION, DISTRIBUTION, ETC.
Place of publication, distribution, etc. London
Name of publisher, distributor, etc. TSO
Date of publication, distribution, etc. 2006
490 ## - SERIES STATEMENT
Series statement SI
Volume/sequential designation 2005: 1643
650 ## - SUBJECT ADDED ENTRY--TOPICAL TERM
Topical term or geographic name entry element CONTROL OF NOISE AT WORK REGULATIONS 2005
690 ## - LOCAL SUBJECT ADDED ENTRY--TOPICAL TERM (OCLC, RLIN)
Topical term or geographic name as entry element Health and safety
9 (RLIN) 6244
942 ## - ADDED ENTRY ELEMENTS (KOHA)
Suppress in OPAC 0
Holdings
Withdrawn status Lost status Source of classification or shelving scheme Damaged status Not for loan Home library Current library Shelving location Date acquired Total Checkouts Full call number Barcode Date last seen Copy number Price effective from Koha item type
    Dewey Decimal Classification     Virtual Virtual Online 04/07/2005   ONLINE PUBLICATION 130234-1001 06/08/2019 1 06/08/2019 Book